| 000 | 00934cab a2200265 4500 | ||
|---|---|---|---|
| 001 | WB2813-24 | ||
| 008 | 090401t1992 xxu||||| |||| 00| 0 eng d | ||
| 035 | _a(Sirsi) u63886 | ||
| 041 | _aeng | ||
| 245 | _aCall to halt unsympathetic modernisation | ||
| 260 | _c1992 | ||
| 350 | _a0 | ||
| 490 |
_aTimes _v26 March 1992, 6(1) |
||
| 520 | _aThe English Historic Towns Forum has called for stricter planning controls to prevent unsightly alterations to historic buildings or buildings of lesser importance, but which add character to outstanding buildings in the vicinity. "Townscape in trouble" EHTF £5.00. | ||
| 650 | _aARCHITECTURE | ||
| 650 | _aCONSERVATION AREAS | ||
| 650 | _aENGLISH HISTORIC TOWNS FORUM | ||
| 650 | _aHISTORIC BUILDINGS | ||
| 650 | _aHISTORIC TOWNS | ||
| 650 | _aPLANNING CONTROL | ||
| 650 | _aREPLACEMENT WINDOWS | ||
| 690 | _aPLANNING LAW AND PRACTICE | ||
| 942 | _n0 | ||
| 948 | _c04/03/1997 | ||
| 999 |
_c39749 _d39749 |
||